|
|
|
|
| LEADER |
00819nam a22002292a 4500 |
| 001 |
000485055 |
| 003 |
CZ BrMZK |
| 005 |
20101109150446.0 |
| 007 |
ta |
| 008 |
980105s1976 gw f ger d |
| 040 |
|
|
|a BOA001
|b cze
|d BOA001
|
| 100 |
1 |
|
|a Thurn, Georg
|4 dis
|
| 245 |
1 |
0 |
|a Objektive und personale Erkenntnis :
|b zum wissenschaftlichen Paradigma der politischen Theorie /
|c Georg Thurn
|
| 260 |
|
|
|a Freiburg i. Br. :
|b G. Thurn,
|c 1976
|
| 300 |
|
|
|a 214 s.
|
| 502 |
|
|
|a Disertace--Universität Freiburg im Breisgau, 1976
|
| 710 |
2 |
|
|a Universität Freiburg im Breisgau
|7 ko2002150445
|
| 910 |
|
|
|a BOA001
|b 2-0872.453
|
| 964 |
|
|
|a Politika - teorie - vzory - dějiny
|
| 964 |
|
|
|a Politologie - dějiny
|
| 990 |
|
|
|a BK
|
| 996 |
7 |
|
|b 2619720000
|c 2-0872.453
|l MZK
|r Sklad / do 1 hodiny
|n 2
|w 000485055
|u 000010
|a 1
|e BOA001
|j MZK50
|s A
|